000 00894nas a2200253 4500
001 BR0404351
003 BR-BrBNA
005 20231205104823.0
007 ta
008 230509b bl.|||p| |||| 00| 00por d
040 _aBR-BrBNA
_bpor
_cBiblioteca Nacional de Agricultura
041 _a(Pt)
072 _aH10
100 1 _aAraújo, A.P.A.
100 1 _aCarneiro, M.A.A.
100 1 _aFernandes, G.W.
245 1 _aEfeitos do sexo, do vigor e do tamanho da planta hospedeira sobre a distribuição de insetos indutores de galhas em Baccharis pseudomyriocephala Teodoro (Asteraceae)
650 _aPLANTA HOSPEDEIRA
650 _aINSETO PARA CONTROLE BIOLÓGICO
650 _aPRAGA DE PLANTA
773 0 _tRevista Brasileira de Entomologia (Brazil)
_xISSN 0085-5626
_g(Oct-Dec 2003), v. 47(4) p. 483-490
_wBR0404351
909 _a202311
_bLúcia
_c55
_dLúcia Elande
942 _2AGRIS
_n0
_cANA
999 _c179827
_d179827